| 000 | 00616nam a22002177a 4500 | ||
|---|---|---|---|
| 008 | 240610b mp ||||| |||| 00| 0 mon d | ||
| 020 | _a978-99973-0-073-7 | ||
| 035 | _a18378 | ||
| 040 |
_aHUV0167120 _bmon _cMN-UlNLM _dMN-UlNLM _erda |
||
| 041 | _amon | ||
| 042 | _a52271 | ||
| 084 |
_2NNA _a84(7Кол)-44 _bМ.263 |
||
| 100 | _aМаркес Г. Г. | ||
| 245 | 0 | _aЗуун жилийн ганцаардал | |
| 264 |
_aУлаанбаатар _c2014 |
||
| 300 | _a528х. | ||
| 336 |
_2rdacontent _atext _btxt |
||
| 337 |
_2rdamedia _aunmediated _bn |
||
| 338 |
_2rdacarrier _avolume _bnc |
||
| 942 |
_2NNA _cBK |
||
| 999 |
_c1048412 _d1048469 |
||